000 00780nam a2200289Ia 4500
003 OSt
005 20221007103600.0
006 a|||||r|||| 00| 0
007 ta
008 221006b |||||||| |||| 00| 0 eng d
020 _a0406561524
024 _a13,529
037 _cTextual
040 _aLCO
_cLCO
_beng
041 _2eng
_aeng
082 _aZ53,9298, M3
100 _aBrown L.N.
245 0 _aFrench Administrative Law
250 _a3rd
260 _aLondon
_bButterworths U.K.
_c1983
300 _a218
650 _aADMINISTRATIVE LAW
_9681514
700 _a Galaber Jean Michel
_9705283
700 _a Garner J.F.
_9345401
942 _hZ53,9298, M3
_cTEXL
999 _c1183092
_d1183092